书目信息 |
| 题名: |
古玉艺术鉴赏
|
|
| 作者: | 丁叙钧 编著 | |
| 分册: | ||
| 出版信息: | 上海 上海科技教育出版社 2004 |
|
| 页数: | 183页 | |
| 开本: | 21cm | |
| 丛书名: | ||
| 单 册: | ||
| 中图分类: | K876.84 | |
| 科图分类: | ||
| 主题词: | 古玉器--鉴赏--中国 | |
| 电子资源: | ||
| ISBN: | 7-5428-3467-3 | |
| 000 | 00809nam0 2200253 45 | |
| 001 | 060000033880 | |
| 005 | 20051227102109.29 | |
| 010 | @a7-5428-3467-3@dCNY30.00 | |
| 092 | @aCN | |
| 100 | @a20050623d2004 ekmy0chiy0120 ea | |
| 101 | 0 | @achi |
| 102 | @aCN@b310000 | |
| 105 | @aa az 000yy | |
| 200 | 1 | @a古玉艺术鉴赏@9gu yu yi shu jian shang@f丁叙钧编著@Fding xu jun bian zhu |
| 210 | @a上海@c上海科技教育出版社@d2004 | |
| 215 | @a183页@c图@d21cm | |
| 320 | @a有书目:第182-183页 | |
| 330 | @a本书运用简洁的文字 从古代玉器的鉴赏理论入手,对新石器朝代至清代的具典型性玉器,介绍其基本特点、历史背景、艺术特征等。 | |
| 606 | 0 | @a古玉器@x鉴赏@y中国 |
| 690 | @aK876.84@v4 | |
| 701 | 0 | @a丁叙钧@Ading xu jun@4编著 |
| 801 | 0 | @aCN@bCXYBOOK@c20051227 |
| 905 | @a10447@dK876.84@e173 | |
| 999 | @aWJ@eDF | |
| 古玉艺术鉴赏/丁叙钧编著.-上海:上海科技教育出版社,2004 |
| 183页:图;21cm |
| ISBN 7-5428-3467-3:CNY30.00 |
| 本书运用简洁的文字 从古代玉器的鉴赏理论入手,对新石器朝代至清代的具典型性玉器,介绍其基本特点、历史背景、艺术特征等。 |
| ● |
| 相关链接 |
|
|
|
|
正题名:古玉艺术鉴赏
索取号:K876.84/173
 
预约/预借
| 序号 | 登录号 | 条形码 | 馆藏地/架位号 | 状态 | 备注 |
| 1 | 0372836 | 203728369 | 第二样本阅览室/ [索取号:K876.84/173] | 在馆 | |
| 2 | 0372837 | 203728378 | 第二借阅区/ [索取号:K876.84/173] | 在馆 | |
| 3 | 0372838 | 203728387 | 第二借阅区/ [索取号:K876.84/173] | 在馆 |